00881nam a2200241 a 450000100100000000500170001000800410002704000250006804100390009308200160013210000220014824000270017024500360019726000430023330000260027649000230030250400740032553400640039983000300046304900090049395201200050299900170062200002421820200930022822.0110120s1973 ag r 000 0 spa d aDO-SdBNPbspacBNPHU17aspaheng2Código de idiomas MARC annnnbC874a1 aCowen, Ron94974410aSummertree.lEspañol10aÁrbol de verano /cRon Cowen. aBuenos Aires :bJuan Goyanarte,c1973. a103, [2] p. ;c20 cm.1 aFicción y teatro aIncluye referencias bibliográficas y notas al pie de las páginas. pTítulo original en inglés:tSummertree.cNew York, 1968 0aFicción y teatro949745 aBNGR 001052708MOaGRbGRcCTd2011-01-20iLF1l0onnnn C874ap24218-10r2020-06-25w2020-06-25y2ZPréstamo interno c23712d23712